000 00325 a2200157 4500
001 179225
020 _a
040 _cMagnum
100 _aGastelois, Maria Magdalena Lana
240 1 0 _aPedacinho
_lpor
245 1 0 _aPedacinho
362 0 _a1899
440 1 _aLĂȘ
697 _aMAGNITO: I/FADAS, FANTASIA
942 _cBK
999 _c179225
_d179225